000 00432nam a2200181Ia 4500
005 20240823055230.0
008 240823s9999||||xx |||||||||||||| ||und||
041 _aENGLISH
082 _A658.540 Q5
100 _aSujit K Bose
245 0 _aOperations Research Methods
250 _a2nd
260 _c2015
_bNarosa Publishing
500 _aYES
650 _aOperations Research
_bMathematics
942 _cBK
999 _c228301
_d228301